| 000 | 00340nam a2200133Ia 4500 | ||
|---|---|---|---|
| 008 | 240624s9999 xx 000 0 und d | ||
| 041 | _aeng | ||
| 082 | _a362.10723 BOL | ||
| 100 | _aBOLAND ANGELA | ||
| 245 | _aDOING A SYSTEMATIC REVIEW A STUDENT S GU | ||
| 260 |
_c2014 _aLondon _bSage |
||
| 300 | _axxiii, 210 p.; 23 cm. | ||
| 365 |
_c _b38 |
||
| 999 |
_c30512 _d30512 |
||